[Event "Schwarzach op-A"]
[Site "Schwarzach"]
[Date "1999.??.??"]
[Round "3"]
[White "Vigh, Bela"]
[Black "Balinov, Ilia"]
[Result "1-0"]
[WhiteElo "2345"]
[BlackElo "2445"]
[PlyCount "80"]
[EventDate "1999.08.??"]
[EventType "swiss"]
[EventRounds "9"]
[EventCountry "AUT"]
[SourceTitle "EXT 2000"]
[Source "ChessBase"]
[SourceDate "1999.11.16"]
[SourceVersion "1"]
[SourceVersionDate "1999.11.16"]
[SourceQuality "1"]

1. d4 f5 2. g3 g6 3. Bg2 Nf6 4. c4 Bg7 5. Nc3 0-0 6. Nf3 d6 7. 0-0 Qe8 8. Qb3 c6 9. Qa3 Na6 10. Rd1 Nc7 11. b3 h6 12. Bb2 g5 13. d5 c5 14. b4 cxb4 15. Qxb4 Na6 16. Qa3 Bd7 17. Rac1 Nc5 18. Nd4 Ng4 19. Ne6 Bxe6 20. dxe6 Nxe6 21. Bd5 Qh5 22. Bxe6+ Kh7 23. h4 gxh4 24. Na4 Bxb2 25. Nxb2 Rf6 26. Bd5 hxg3 27. Qxg3 f4 28. Qg2 Ne5 29. Nd3 Rf5 30. Qe4 Ng4 31. Kf1 Nf6 32. Qxe7+ Kh8 33. Bf3 Qh3+ 34. Ke1 Re8 35. Qxb7 d5 36. Kd2 Ne4+ 37. Kc2 dxc4 38. Bxe4 cxd3+ 39. exd3 Rc5+ 40. Kb2 Rxe4 1-0

[Event "Schwarzach op-A"]
[Site "Schwarzach"]
[Date "1999.??.??"]
[Round "8"]
[White "Vigh, Bela"]
[Black "Renner, Christoph"]
[Result "1-0"]
[WhiteElo "2345"]
[BlackElo "2445"]
[PlyCount "81"]
[EventDate "1999.08.??"]
[EventType "swiss"]
[EventRounds "9"]
[EventCountry "AUT"]
[SourceTitle "EXT 2000"]
[Source "ChessBase"]
[SourceDate "1999.11.16"]
[SourceVersion "1"]
[SourceVersionDate "1999.11.16"]
[SourceQuality "1"]

1. d4 f5 2. g3 Nf6 3. Bg2 g6 4. c4 Bg7 5. Nc3 0-0 6. Nf3 c6 7. 0-0 d6 8. Qb3 Na6 9. Rd1 c5 10. Qc2 Bd7 11. dxc5 Nxc5 12. Nd4 Rc8 13. b3 a6 14. Bb2 b5 15. cxb5 axb5 16. b4 Na4 17. Qb3+ Kh8 18. Nxa4 bxa4 19. Qd3 Qb6 20. a3 e5 21. Nc2 Bb5 22. Qd2 Ne4 23. Bxe4 fxe4 24. Ne3 Rcd8 25. Rac1 Qa6 26. Rc2 Rd7 27. Nd5 Bc4 28. Rdc1 Bb3 29. Rc7 Rxc7 30. Nxc7 Qb6 31. e3 d5 32. b5 Rc8 33. Rc6 Qb7 34. Qc1 Bc4 35. Ne6 Re8 36. Rc7 Qb6 37. Nxg7 Qxc7 38. Nxe8 Qe7 39. b6 Qxe8 40. Qc3 Kg7 41. b7 1-0

[Event "Schwarzach op-A"]
[Site "Schwarzach"]
[Date "1999.??.??"]
[Round "1"]
[White "Vigh, Bela"]
[Black "Taschner, Peter"]
[Result "1-0"]
[WhiteElo "2345"]
[BlackElo "2035"]
[PlyCount "67"]
[EventDate "1999.08.??"]
[EventType "swiss"]
[EventRounds "9"]
[EventCountry "AUT"]
[SourceTitle "EXT 2000"]
[Source "ChessBase"]
[SourceDate "1999.11.16"]
[SourceVersion "1"]
[SourceVersionDate "1999.11.16"]
[SourceQuality "1"]

1. d4 d6 2. c4 e5 3. Nf3 e4 4. Nfd2 f5 5. Nc3 Nf6 6. e3 g6 7. g3 c6 8. Bg2 Be6 9. d5 cxd5 10. cxd5 Bf7 11. f3 exf3 12. Nxf3 Bg7 13. 0-0 Nbd7 14. Ng5 0-0 15. Ne2 Nh5 16. Ne6 Bxe6 17. dxe6 Nc5 18. Nd4 Qe8 19. Bd5 Kh8 20. b4 Ne4 21. Bb2 Rb8 22. Bxe4 fxe4 23. Rxf8+ Qxf8 24. Rc1 Qe7 25. Qc2 Nf6 26. Qc7 Re8 27. Qxe7 Rxe7 28. Rc8+ Ng8 29. Rd8 Be5 30. Rxd6 Nf6 31. Nf5 Bxb2 32. Nxe7 Kg7 33. Rd7 Bc1 34. Nf5+ 1-0

[Event "Schwarzach op-A"]
[Site "Schwarzach"]
[Date "1999.??.??"]
[Round "9"]
[White "Zoler, Dan"]
[Black "Vigh, Bela"]
[Result "1/2-1/2"]
[WhiteElo "2525"]
[BlackElo "2380"]
[PlyCount "114"]
[EventDate "1999.08.??"]
[EventType "swiss"]
[EventRounds "9"]
[EventCountry "AUT"]
[SourceTitle "EXT 2000"]
[Source "ChessBase"]
[SourceDate "1999.11.16"]
[SourceVersion "1"]
[SourceVersionDate "1999.11.16"]
[SourceQuality "1"]

1. d4 Nf6 2. c4 g6 3. g3 Bg7 4. Bg2 0-0 5. Nc3 d6 6. Nf3 Nc6 7. 0-0 a6 8. h3 Rb8 9. e4 b5 10. cxb5 axb5 11. a3 b4 12. axb4 Nxb4 13. Re1 Nd7 14. Bg5 h6 15. Be3 Kh7 16. Qd2 c5 17. Ne2 cxd4 18. Bxd4 Bxd4 19. Nexd4 Nc5 20. Ra3 Qb6 21. e5 Ba6 22. exd6 Qxd6 23. Qe3 Nd5 24. Qe5 Rxb2 25. Ne6 fxe6 26. Qxb2 Nd3 27. Rxd3 Bxd3 28. Ne5 Rb8 29. Qd2 Qb4 30. Qxb4 Nxb4 31. Nxd3 Nxd3 32. Rxe6 Rb1+ 33. Kh2 Nxf2 34. Rxe7+ Kh8 35. Re2 Nd1 36. Re6 Rb2 37. Kg1 Kg7 38. Be4 Re2 39. Kf1 Nc3 40. Rxg6+ Kf7 41. Bf5 Re5 42. g4 h5 43. Ra6 hxg4 44. hxg4 Nd5 45. Kf2 Rxf5+ 46. gxf5 Ne7 47. Kf3 Nxf5 48. Ke4 Ne7 49. Rd6 Nc8 50. Ra6 Ne7 51. Ke5 Ng6+ 52. Kf5 Ne7+ 53. Kg5 Nd5 54. Rc6 Ne7 55. Rd6 Nc8 56. Ra6 Ne7 57. Rh6 Nd5 1/2-1/2